International Human Resource Management (Record no. 5356)

000 -LEADER
fixed length control field 00447nam a22001457a 4500
008 - FIXED-LENGTH DATA ELEMENTS--GENERAL INFORMATION
fixed length control field 170317b xxu||||| |||| 00| 0 eng d
020 ## - INTERNATIONAL STANDARD BOOK NUMBER
International Standard Book Number 978-1-84787-293-7
082 ## - DEWEY DECIMAL CLASSIFICATION NUMBER
Classification number 658.3 HAR
100 ## - MAIN ENTRY--PERSONAL NAME
Personal name HARZING Anne-Will
245 ## - TITLE STATEMENT
Title International Human Resource Management
Statement of responsibility, etc. Anne -Will Harzing and Ashly H. Pinnington
Medium English
260 ## - PUBLICATION, DISTRIBUTION, ETC. (IMPRINT)
Place of publication, distribution, etc. Los Angeles
Name of publisher, distributor, etc. Sage
Date of publication, distribution, etc. 2011
300 ## - PHYSICAL DESCRIPTION
Extent 641p.
Dimensions 23cm
650 ## - SUBJECT ADDED ENTRY--TOPICAL TERM
Source of heading or term Human Resource Management
942 ## - ADDED ENTRY ELEMENTS (KOHA)
Source of classification or shelving scheme
Koha item type BOOKS
Holdings
Withdrawn status Lost status Source of classification or shelving scheme Damaged status Not for loan Home library Current library Date acquired Total Checkouts Full call number Barcode Date last seen Price effective from Koha item type
          Mwanza Mwanza 17/03/2017   658.3 HAR 10000000820 17/03/2017 17/03/2017 BOOKS

IRDP © 2019 :: Managed by IRDP ICT Unit